Normal view MARC view
  • DAWOOD SHAH

Entry Personal Name

Number of records used in: 1

001 - CONTROL NUMBER

  • control field: 73178

003 - CONTROL NUMBER IDENTIFIER

  • control field: NUST

005 - DATE AND TIME OF LATEST TRANSACTION

  • control field: 20210628204958.0

008 - FIXED-LENGTH DATA ELEMENTS

  • fixed length control field: 210628|| aca||aabn | a|a d

040 ## - CATALOGING SOURCE

  • Original cataloging agency: NUST
  • Transcribing agency: NUST

100 ## - HEADING--PERSONAL NAME

  • Personal name: DAWOOD SHAH

670 ## - SOURCE DATA FOUND

  • Source citation: Work cat.: (NUST): DAWOOD SHAH, TH-SOF-1772-Endurance Enhancement of Medium Altitude Long Endurance UAV by Airframe Geometry Modification, 2020
© 2023 Central Library, National University of Sciences and Technology. All Rights Reserved.